Shirim u-foémot (Record no. 32552)

MARC details
000 -LEADER
fixed length control field 00596cam a22002171 4500
001 - CONTROL NUMBER
control field he 67001577
003 - CONTROL NUMBER IDENTIFIER
control field DLC
005 - DATE AND TIME OF LATEST TRANSACTION
control field 20260227111449.0
008 - FIXED-LENGTH DATA ELEMENTS--GENERAL INFORMATION
fixed length control field 851018s1967 is c 000 0 hebr
010 ## - LIBRARY OF CONGRESS CONTROL NUMBER
LC control number he 67001577
035 ## - SYSTEM CONTROL NUMBER
System control number (OCoLC)12691218
040 ## - CATALOGING SOURCE
Original cataloging agency DLC
Transcribing agency DGW
Modifying agency DGW
-- DLC
042 ## - AUTHENTICATION CODE
Authentication code premarc
050 00 - LIBRARY OF CONGRESS CALL NUMBER
Classification number PJ5054.T397
Item number S5
100 1# - MAIN ENTRY--PERSONAL NAME
Personal name Tene, Benjamin,
Dates associated with a name 1914-1999.
245 10 - TITLE STATEMENT
Title Shirim u-foémot
Statement of responsibility, etc. [meét] Binyamin Tene.
260 ## - PUBLICATION, DISTRIBUTION, ETC.
Place of publication, distribution, etc. Merḥavyah,
Name of publisher, distributor, etc. Sifriyat Poʻalim
Date of publication, distribution, etc. [1967]
300 ## - PHYSICAL DESCRIPTION
Extent 408 p.
Other physical details port.
Dimensions 23 cm.
500 ## - GENERAL NOTE
General note Title on added t.p.: Poems.
500 ## - GENERAL NOTE
General note Vocalized.

No items available.

Powered by Koha